000 00631npc a2200205Ia 4500
001 dg99-42951
003 IT-MiCISF
008 161014s9999||||xx | und||
040 _aIT-MiCISF
_cIT-MiCISF
041 _ait
100 _aBuccoliero Elena (a cura di)
245 0 _aIl bullismo non รจ un gioco da ragazzi. Sintesi di ricerca
_bIl fenomeno delle prepotenze nelle scuole superiori della provincia di Ferrara
250 _a1a ed.
260 _bPromeco
_c2005
300 _app. 67
500 _a / bullismo, scuola, territorio /
650 _amaltrattamenti-violenza
942 _cDD
957 _71
999 _a42951
_bsi
_g1
_c206992
_d206992